| 000 | 02114nam2a2200265 4500 | ||
|---|---|---|---|
| 001 | rc\2939065 | ||
| 005 | 20260315055609.0 | ||
| 035 | _a(NLR Aleph) 007087965 | ||
| 090 |
_a13599049 _c13599049 |
||
| 100 | _a20110824d1935 u y0rusy50 ca | ||
| 101 | 0 | _arus | |
| 102 | _aRU | ||
| 105 | _aa z ||||| | ||
| 200 | 1 |
_aНормирование работы врубовой бригады на врубовых машинах тяжелого типа _fВсесоюз. науч.-исслед. угольный ин-т |
|
| 210 |
_aХарьков _aКиев _cГос. науч.-техн. изд-во Украины _d1935 |
||
| 215 |
_aОбл., 68 с., рис. [2], [1] вкл. л. _cрис., номогр. _eПапка (особое прил.), 6, [2] с. (отд. сбр.), 9 номограмм (в общей папке) |
||
| 300 | _aПредисл.: Всесоюз. науч.-исслед. угольного ин-та (с. 3-4) | ||
| 327 | 0 | _aДоб.: Девять номограмм с указанием к пользованию номограммами | |
| 461 | 0 |
_1001rc\2939063 _12001#$aМатериалы для технического нормирования горных работ каменноугольных рудников Донецкого бассейна$eТ. 1-$fОбъед. гос. каменноуг. промышленности "Уголь"$vВып. 5 _96544275 _cХарьков _d1934-1935 _fОбъед. гос. каменноуг. промышленности "Уголь" _nГос. науч.-техн. изд-во Украины _oТ. 1- _tМатериалы для технического нормирования горных работ каменноугольных рудников Донецкого бассейна _vВып. 5 |
|
| 464 | 0 |
_12001#$aДевять номограмм с указанием к пользованию номограммами _tДевять номограмм с указанием к пользованию номограммами |
|
| 801 | 0 |
_aRU _bNLR _gpsbo |
|
| 801 | 1 |
_aRU _bELAR _2rusmarc |
|
| 852 |
_aNLR _j35-19/23(5) |
||
| 942 | _cUNSPEC | ||
| 980 | _aNB | ||